| 000 | 00462nam a22001817a 4500 | ||
|---|---|---|---|
| 003 | CEME | ||
| 005 | 20210628202135.0 | ||
| 008 | 210225b xxu||||| |||| 00| 0 eng d | ||
| 020 | _a969-407-225-9 | ||
| 040 | _c. | ||
| 082 | _a954.91 MUS | ||
| 100 |
_aMushtaq Ahmad _93388 |
||
| 245 | _aNawaz sharif, politics of business | ||
| 260 |
_aKARACHI _bFARID ARTS PRESS _c2001 |
||
| 300 | _aII,249P | ||
| 650 |
_aPOLITICS OF NAWAZ SHARIF _958425 |
||
| 942 |
_cBK _2ddc |
||
| 999 |
_c568624 _d568624 |
||